| 000 | 01454nam2a22003611 4500 | ||
|---|---|---|---|
| 001 | RU\NLR\A1SV\29969 | ||
| 005 | 20251203152403.2 | ||
| 035 | _a(NLR Aleph) 009713869 | ||
| 090 |
_a13479270 _c13479270 |
||
| 100 | _a20110205d1919 u y0rusy50 ca | ||
| 101 | 0 | _arus | |
| 200 | 0 | _aВып.1 | |
| 215 |
_aС.263-446 _cил. |
||
| 300 | _aАвт. ст.: Крымов, А.П., проф. Астров, М.С., Ладыгин, М.И., Попов, Х.А., Брейцев, В.Р., прив.-доц., Гедройц, В.И., Крон, Н.М., Барадулин, Г.И., прив.-доц. | ||
| 300 | _aБез тит. л. | ||
| 311 | _aОтт. из: Хирург. архив 1917 г. Кн.4-6 | ||
| 320 | _aБиблиогр.: с.401-402 и в конце отд. ст. | ||
| 461 | 1 |
_1001RU\NLR\A1SV\29968 _12000#$vВып.1 _99846435 _cПг. _d1919 _nИзд-во "Науч.-мед. отд. Ком. нар. просв." _tСборник статей по хирургии _vВып.1 |
|
| 702 | 1 |
_aКрымов _bА.П. |
|
| 702 | 1 |
_aАстров _bМ.С. |
|
| 702 | 1 |
_aЛадыгин _bМ.И. |
|
| 702 | 1 |
_aПопов _bХ.А. |
|
| 702 | 1 |
_aБрейцев _bВ.Р. |
|
| 702 | 1 |
_aГедройц _bВ.И. _f1870-1932 _gВера Игнатьевна |
|
| 702 | 1 |
_aКрон _bН.М. |
|
| 702 | 1 |
_aБарадулин _bГ.И. |
|
| 801 | 0 |
_aRU _bNLR _c20110205 |
|
| 899 | _aРНБ | ||
| 942 | _cBOOK | ||
| 980 | _aA1SV | ||
| 980 | _aA1SV | ||
| 980 | _aNB | ||